[Event "4NCL/Div1a/GUI2 vs. WRO1"]
[Site "Sunningdale ENG"]
[Date "2008.10.04"]
[Round "1.1"]
[White "Hebden, Mark L"]
[Black "Wells, Peter K"]
[Result "0-1"]
[WhiteElo "2515"]
[BlackElo "2516"]
[PlyCount "110"]
[EventDate "2008.10.04"]
[SourceDate "2008.10.04"]

1. d4 Nf6 2. Nf3 d5 3. c4 e6 4. e3 a6 5. Nbd2 c5 6. cxd5 exd5 7. b3 cxd4 8.
Nxd4 Bb4 9. Bd3 Bc3 10. Rb1 Bxd4 11. exd4 O-O 12. O-O Nc6 13. Nf3 Ne4 14. Ne5
Nc3 15. Qh5 g6 16. Qh6 Nxb1 17. Bxb1 Qe7 18. Nf3 f6 19. Re1 Qg7 20. Qh4 g5 21.
Qg3 Bd7 22. Qd6 Qf7 23. Be3 Rfe8 24. h3 Rad8 25. Qg3 Qg7 26. Rc1 Be6 27. Ne1
Rc8 28. Rd1 Ne7 29. h4 Bf5 30. hxg5 Bxb1 31. Rxb1 Nf5 32. Qf3 Nxe3 33. gxf6 Qg6
34. fxe3 Rf8 35. Qxd5+ Kh8 36. Qxb7 Qxf6 37. Nd3 Rc2 38. Qe4 Rxa2 39. Nf4 Rg8
40. Rd1 a5 41. d5 Ra1 42. Rxa1 Qxa1+ 43. Kh2 Qf6 44. Nh5 Qd6+ 45. Kh3 Rg5 46.
Qe8+ Rg8 47. Qf7 Qh6 48. Qf6+ Qxf6 49. Nxf6 Rb8 50. Kg4 Rxb3 51. e4 a4 52. e5
a3 53. e6 a2 54. e7 Rb8 55. d6 a1=Q 0-1

[Event "4NCL/Div1a/GUI2 vs. WRO1"]
[Site "Sunningdale ENG"]
[Date "2008.10.04"]
[Round "1.2"]
[White "Jones, Gawain C B"]
[Black "King, Daniel J"]
[Result "1-0"]
[WhiteElo "2548"]
[BlackElo "2518"]
[PlyCount "79"]
[EventDate "2008.10.04"]
[SourceDate "2008.10.04"]

1. e4 c5 2. Nc3 Nc6 3. Nge2 d6 4. d4 cxd4 5. Nxd4 Nf6 6. Bg5 a6 7. Bxf6 gxf6 8.
Qd2 Bd7 9. Nf5 Qa5 10. O-O-O Bxf5 11. exf5 Qxf5 12. Nd5 Rc8 13. g4 Qxg4 14. Qe3
Qh4 15. Bh3 Bh6 16. f4 Rd8 17. Rhg1 Kf8 18. Rg4 Qh5 19. Qf3 Bg7 20. Qg3 Rg8 21.
Ne3 e6 22. Rg1 Ke7 23. Re1 Kf8 24. f5 Ne5 25. Rg1 Nxg4 26. Bxg4 Qh6 27. fxe6 f5
28. e7+ Kxe7 29. Kb1 Kf8 30. Bxf5 Re8 31. Nc4 Qf6 32. Bxh7 Rh8 33. Bd3 d5 34.
Rf1 Qh4 35. Qd6+ Kg8 36. Ne3 Qxh2 37. Qxd5 Rf8 38. Ng4 Qg3 39. Qg5 Qd6 40. Nf6+
1-0

[Event "4NCL/Div1a/GUI2 vs. WRO1"]
[Site "Sunningdale ENG"]
[Date "2008.10.04"]
[Round "1.3"]
[White "Kosten, Anthony C"]
[Black "McNab, Colin"]
[Result "1/2-1/2"]
[WhiteElo "2510"]
[BlackElo "2455"]
[PlyCount "108"]
[EventDate "2008.10.04"]
[SourceDate "2008.10.04"]

1. c4 g6 2. Nc3 Bg7 3. g3 e5 4. Bg2 d6 5. e4 Nc6 6. Nge2 h5 7. h4 Nd4 8. Nxd4
exd4 9. Ne2 Ne7 10. d3 O-O 11. b4 Bg4 12. O-O Re8 13. a4 Bd7 14. f3 b6 15. a5
c6 16. Bd2 d5 17. Nf4 dxc4 18. dxc4 c5 19. bxc5 bxc5 20. Nd3 Qc8 21. Bf4 Be6
22. Qa4 Qc6 23. Rfb1 Bf8 24. Rb5 a6 25. Rb6 Qxa4 26. Rxa4 Nc6 27. Bd2 Rac8 28.
Bf1 Bd7 29. Ra1 Ra8 30. Kf2 Rec8 31. Rab1 Ra7 32. R1b2 Be7 33. Rb7 Rc7 34. Rxc7
Rxc7 35. Nf4 Bd8 36. Nd3 Be7 37. Rb6 Ra7 38. f4 Nd8 39. Rb8 Kg7 40. Nxc5 Bxc5
41. Rxd8 Rb7 42. Bd3 Be7 43. Ra8 Bg4 44. Rxa6 Rb3 45. Be2 Rb2 46. Bxg4 Rxd2+
47. Ke1 Bb4 48. Bf3 d3 49. Rc6 Ra2+ 50. Kf1 Rxa5 51. Rc7 Ra1+ 52. Kg2 Ra2+ 53.
Kf1 Ra1+ 54. Kg2 Ra2+ 1/2-1/2

[Event "4NCL/Div1a/GUI2 vs. WRO1"]
[Site "Sunningdale ENG"]
[Date "2008.10.04"]
[Round "1.4"]
[White "Palliser, Richard"]
[Black "Buckley, Graeme"]
[Result "1/2-1/2"]
[WhiteElo "2407"]
[BlackElo "2399"]
[PlyCount "119"]
[EventDate "2008.10.04"]
[SourceDate "2008.10.04"]

1. d4 Nf6 2. Nf3 e6 3. e3 b6 4. Bd3 Bb7 5. O-O c5 6. c4 Be7 7. Nc3 cxd4 8. exd4
O-O 9. d5 Na6 10. Bf4 Bb4 11. Ne4 Nxe4 12. Bxe4 f5 13. Bc2 Rc8 14. dxe6 dxe6
15. Qe2 Bxf3 16. Qxf3 Qd4 17. b3 Bd2 18. Bxd2 Qxd2 19. Rac1 Nb4 20. Rfd1 Qg5
21. a3 Nc6 22. Qe3 Qxe3 23. fxe3 Rfd8 24. Kf2 Kf7 25. Ke2 a5 26. h3 Ne5 27.
Rxd8 Rxd8 28. Bb1 Rc8 29. Bd3 Ke7 30. b4 axb4 31. axb4 Kd6 32. g4 fxg4 33. hxg4
h6 34. Ra1 Nxc4 35. Ra7 Ne5 36. Rxg7 Rc3 37. Ba6 Rc2+ 38. Kf1 Rb2 39. b5 Nc4
40. Rg6 Nxe3+ 41. Ke1 Rb4 42. Rxh6 Nxg4 43. Rh8 Nf6 44. Rc8 Nd5 45. Rc6+ Ke5
46. Bc8 Rxb5 47. Rxe6+ Kd4 48. Bb7 Ne3 49. Re4+ Kd3 50. Ba6 Nc2+ 51. Kd1 Kxe4
52. Bxb5 Na3 53. Be8 Kd3 54. Kc1 Kc3 55. Kd1 Nc4 56. Ke2 Kd4 57. Kd1 Ne5 58.
Kc2 Kc5 59. Kb3 Nc6 60. Bxc6 1/2-1/2

[Event "4NCL/Div1a/GUI2 vs. WRO1"]
[Site "Sunningdale ENG"]
[Date "2008.10.04"]
[Round "1.5"]
[White "Tissir, Mohamed"]
[Black "Barrett, Steve J"]
[Result "1-0"]
[WhiteElo "2463"]
[BlackElo "2226"]
[PlyCount "59"]
[EventDate "2008.10.04"]
[SourceDate "2008.10.04"]

1. e4 c5 2. Nf3 e6 3. d4 cxd4 4. Nxd4 Nf6 5. Nc3 d6 6. Be3 a6 7. f3 b5 8. Qd2
Nbd7 9. g4 Nb6 10. Qf2 Nfd7 11. O-O-O Bb7 12. Bd3 Rc8 13. Nce2 Nc4 14. Bxc4
Rxc4 15. Kb1 Qa5 16. g5 d5 17. b3 Rc8 18. exd5 e5 19. Nc6 Bxc6 20. dxc6 Rxc6
21. Ng3 Nc5 22. f4 Na4 23. Ne4 Ba3 24. fxe5 O-O 25. Rhf1 Bb2 26. bxa4 Bxe5 27.
c3 b4 28. c4 Rxc4 29. Bb6 b3 30. Qxf7+ 1-0

[Event "4NCL/Div1a/GUI2 vs. WRO1"]
[Site "Sunningdale ENG"]
[Date "2008.10.04"]
[Round "1.6"]
[White "Gayson, Peter M"]
[Black "Muir, Andrew J"]
[Result "1/2-1/2"]
[WhiteElo "2254"]
[BlackElo "2359"]
[PlyCount "30"]
[EventDate "2008.10.04"]
[SourceDate "2008.10.04"]

1. e4 c5 2. Nf3 Nc6 3. d4 cxd4 4. Nxd4 Nf6 5. Nc3 d6 6. f4 g6 7. Be2 Bg7 8. Be3
O-O 9. O-O Qb6 10. Qd3 Ng4 11. Nd5 Bxd4 12. Bxg4 Bxe3+ 13. Qxe3 Qxe3+ 14. Nxe3
Bxg4 15. Nxg4 Nd4 1/2-1/2

[Event "4NCL/Div1a/GUI2 vs. WRO1"]
[Site "Sunningdale ENG"]
[Date "2008.10.04"]
[Round "1.7"]
[White "Cooksey, Paul S"]
[Black "Adams, David M"]
[Result "0-1"]
[WhiteElo "2304"]
[BlackElo "2177"]
[PlyCount "88"]
[EventDate "2008.10.04"]
[SourceDate "2008.10.04"]

1. d4 Nf6 2. Bg5 d5 3. e3 Ne4 4. Bf4 c5 5. c3 Nc6 6. Bd3 e6 7. Ne2 Nf6 8. Nd2
Be7 9. h3 O-O 10. O-O Nd7 11. c4 e5 12. dxe5 Ncxe5 13. Bf5 Nxc4 14. Nxc4 dxc4
15. Qc2 g6 16. Be4 Nf6 17. Bf3 Qd3 18. Rac1 Bf5 19. Qa4 Bd7 20. Qxc4 Qxc4 21.
Rxc4 Be6 22. Rcc1 Bd5 23. Bxd5 Nxd5 24. Be5 Nb4 25. Rcd1 Rfd8 26. Bc7 Rxd1 27.
Rxd1 Nxa2 28. Rd7 Bf6 29. b3 b6 30. e4 Re8 31. Ng3 Nc1 32. f4 Bh4 33. Kh2 Bxg3+
34. Kxg3 Nxb3 35. Be5 a6 36. Ra7 Nd2 37. Rxa6 Nxe4+ 38. Kf3 Nd2+ 39. Kg4 Nc4
40. Bc3 Ne3+ 41. Kg5 Nd5 42. Be5 c4 43. Ra7 c3 44. Rd7 f6+ 0-1

[Event "4NCL/Div1a/GUI2 vs. WRO1"]
[Site "Sunningdale ENG"]
[Date "2008.10.04"]
[Round "1.8"]
[White "Parmar, Amisha"]
[Black "Sandu, Mihaela"]
[Result "1-0"]
[WhiteElo "1974"]
[BlackElo "2273"]
[PlyCount "55"]
[EventDate "2008.10.04"]
[SourceDate "2008.10.04"]

1. e4 c5 2. Nf3 e6 3. d4 cxd4 4. Nxd4 Nf6 5. Bd3 Nc6 6. Nxc6 dxc6 7. O-O e5 8.
Nc3 Be7 9. Kh1 O-O 10. f4 Bc5 11. Qf3 Qe7 12. h3 b5 13. Bd2 Bd4 14. Rae1 Bb7
15. Nd1 exf4 16. Bxf4 c5 17. c3 Be5 18. Bxb5 Bxf4 19. Qxf4 Nxe4 20. Nf2 Nxf2+
21. Qxf2 Qg5 22. Be2 Rad8 23. Bf3 Ba6 24. Be2 Bb7 25. Bf3 Bxf3 26. Qxf3 g6 27.
Re2 h5 28. Qb7 1-0

[Event "4NCL/Div1a/SAMS vs. RIC"]
[Site "Sunningdale ENG"]
[Date "2008.10.04"]
[Round "1.1"]
[White "Rendle, Thomas E"]
[Black "Bates, Richard A"]
[Result "1/2-1/2"]
[WhiteElo "2385"]
[BlackElo "2387"]
[PlyCount "140"]
[EventDate "2008.10.04"]
[SourceDate "2008.10.04"]

1. e4 c5 2. Nf3 d6 3. c3 Nf6 4. Be2 Nbd7 5. d3 e5 6. O-O Be7 7. Nbd2 Nf8 8. d4
Ng6 9. dxc5 dxc5 10. Bb5+ Bd7 11. Qa4 a6 12. Bxd7+ Nxd7 13. c4 Nf4 14. Re1 Ne6
15. Nf1 Nd4 16. Qd1 O-O 17. Ne3 Bd6 18. Nf5 Nxf5 19. exf5 Nf6 20. Bg5 e4 21.
Nd2 Be5 22. Nxe4 Qxd1 23. Raxd1 Nxe4 24. Rxe4 Bxb2 25. Rb1 Rfe8 26. Re7 Bf6 27.
Bxf6 gxf6 28. Rbxb7 Rxe7 29. Rxe7 Rb8 30. g3 Rb4 31. Rc7 Rxc4 32. Rc6 Kg7 33.
Rxa6 Rc2 34. a3 c4 35. Rc6 Ra2 36. Rxc4 Rxa3 37. Rg4+ Kf8 38. Rh4 Kg7 39. Rg4+
Kf8 40. Kg2 Ra5 41. Rf4 h5 42. Kh3 Kg7 43. Kh4 Kh6 44. h3 Ra2 45. f3 Ra3 46. g4
Rb3 47. Kg3 Kg5 48. Rc4 hxg4 49. hxg4 Kh6 50. Kf4 Kg7 51. Ke4 Ra3 52. Rd4 Ra1
53. Rd3 Re1+ 54. Re3 Rd1 55. Re2 Rg1 56. Ke3 Ra1 57. f4 Ra5 58. Rd2 Rb5 59. Ke4
Rb4+ 60. Rd4 Rb3 61. g5 Rg3 62. g6 fxg6 63. Rd7+ Kf8 64. fxg6 Rxg6 65. Kf5 Rh6
66. Rb7 Ke8 67. Rg7 Kf8 68. Rg6 Rxg6 69. Kxg6 f5 70. Kxf5 Kf7 1/2-1/2

[Event "4NCL/Div1a/SAMS vs. RIC"]
[Site "Sunningdale ENG"]
[Date "2008.10.04"]
[Round "1.2"]
[White "Wall, Gavin"]
[Black "Krensing, Jan"]
[Result "0-1"]
[WhiteElo "2307"]
[BlackElo "2287"]
[PlyCount "76"]
[EventDate "2008.10.04"]
[SourceDate "2008.10.04"]

1. e4 e6 2. d4 d5 3. e5 c5 4. c3 Nc6 5. Nf3 Bd7 6. dxc5 Bxc5 7. b4 Bb6 8. b5
Na5 9. Bd3 Qc7 10. Qe2 Ne7 11. O-O Nc4 12. a4 a6 13. bxa6 Rxa6 14. Nbd2 Rxa4
15. Rxa4 Bxa4 16. Bxc4 dxc4 17. Nxc4 Bc5 18. Nd6+ Bxd6 19. exd6 Qxd6 20. Qa2
Bc6 21. Ba3 Qc7 22. Ng5 h6 23. Bxe7 Kxe7 24. Qa3+ Kf6 25. Nh3 Rd8 26. c4 Qe5
27. f3 Qd4+ 28. Nf2 Kg6 29. Qb3 Kh7 30. Rd1 Qf6 31. Re1 Rd2 32. Qb1+ Kg8 33.
Rd1 Qd4 34. Rxd2 Qxd2 35. h3 Qc3 36. Qf1 Qd4 37. Kh1 Ba4 38. Ne4 f5 0-1

[Event "4NCL/Div1a/SAMS vs. RIC"]
[Site "Sunningdale ENG"]
[Date "2008.10.04"]
[Round "1.3"]
[White "Roberson, Peter T"]
[Black "Bisby, Daniel L"]
[Result "0-1"]
[WhiteElo "2236"]
[BlackElo "2287"]
[PlyCount "72"]
[EventDate "2008.10.04"]
[SourceDate "2008.10.04"]

1. e4 c5 2. Nc3 Nc6 3. f4 g6 4. Nf3 Bg7 5. Bb5 Nd4 6. O-O Nxb5 7. Nxb5 d5 8.
exd5 a6 9. Nc3 Nf6 10. d4 Nxd5 11. dxc5 Nxc3 12. Qxd8+ Kxd8 13. bxc3 Bxc3 14.
Rb1 Kc7 15. Rb3 Bf6 16. Bd2 Be6 17. Ba5+ Kc6 18. Rb6+ Kxc5 19. Nd2 Bd5 20. c4
Bc6 21. Nb3+ Kd6 22. Rd1+ Kc7 23. Nc5 Kb8 24. Kf1 Ra7 25. Rb3 b5 26. Bb6 bxc4
27. Rb4 c3 28. Bxa7+ Kxa7 29. Nb3 Rc8 30. Kf2 c2 31. Rc1 Bd5 32. Nd4 a5 33. Ra4
Ka6 34. Nxc2 Kb5 35. Ra3 Bb2 36. Nd4+ Bxd4+ 0-1

[Event "4NCL/Div1a/SAMS vs. RIC"]
[Site "Sunningdale ENG"]
[Date "2008.10.04"]
[Round "1.4"]
[White "Muter, Donny"]
[Black "Van Weersel, Arlette"]
[Result "1-0"]
[WhiteElo "2190"]
[BlackElo "2209"]
[PlyCount "141"]
[EventDate "2008.10.04"]
[SourceDate "2008.10.04"]

1. d4 Nf6 2. Nf3 b6 3. Bg5 Ne4 4. Bf4 e6 5. Nbd2 d5 6. e3 Bb7 7. Bd3 Nd7 8. c4
Nxd2 9. Qxd2 dxc4 10. Bxc4 Nf6 11. Rc1 c6 12. O-O Bd6 13. Bxd6 Qxd6 14. Qe2 O-O
15. e4 Qf4 16. e5 Nd5 17. Bxd5 exd5 18. e6 fxe6 19. Qxe6+ Qf7 20. Rfe1 Rae8 21.
Qxf7+ Kxf7 22. Ne5+ Kg8 23. Nd7 Rxe1+ 24. Rxe1 Rc8 25. Re7 c5 26. dxc5 bxc5 27.
Ne5 Rb8 28. f4 d4 29. Rc7 Bd5 30. b3 h6 31. Rxc5 Be4 32. Nc6 Rf8 33. Nxd4 Rxf4
34. Rc7 Bd3 35. Nf3 a6 36. Rc3 Bb5 37. Kf2 Rf6 38. a4 Bd7 39. Ke3 Kh7 40. Ne5
Be6 41. b4 Bd5 42. g3 Bg2 43. Rc2 Bd5 44. b5 Bb3 45. Rc6 axb5 46. axb5 Rf1 47.
b6 Bd5 48. Rd6 Bg2 49. Nd3 Rb1 50. Kd4 Rb5 51. Nf4 Bh1 52. Kc4 Rb2 53. h4 Rb1
54. h5 Bf3 55. Rd3 Bxh5 56. Nxh5 Rxb6 57. Nf4 Rf6 58. Kd5 Kg8 59. Ke5 Kh7 60.
Rd7 Rf8 61. Ne6 Rg8 62. Kf5 Kh8 63. Kg6 h5 64. Rd8 h4 65. Rxg8+ Kxg8 66. gxh4
Kh8 67. Nxg7 Kg8 68. h5 Kh8 69. h6 Kg8 70. Nf5 Kh8 71. Nd6 1-0

[Event "4NCL/Div1a/SAMS vs. RIC"]
[Site "Sunningdale ENG"]
[Date "2008.10.04"]
[Round "1.5"]
[White "Williams, Samuel G"]
[Black "Osborne, Marcus E"]
[Result "0-1"]
[WhiteElo "2218"]
[BlackElo "2199"]
[PlyCount "40"]
[EventDate "2008.10.04"]
[SourceDate "2008.10.04"]

1. d4 Nf6 2. c4 e6 3. Nc3 Bb4 4. Qc2 Nc6 5. Nf3 d6 6. Bg5 h6 7. Bd2 O-O 8. e3
e5 9. dxe5 dxe5 10. a3 Bxc3 11. Bxc3 Re8 12. b4 Bg4 13. b5 Nd4 14. Bxd4 exd4
15. O-O-O Qe7 16. exd4 Qxa3+ 17. Kb1 Bxf3 18. gxf3 a6 19. b6 Re6 20. c5 Nd5 0-1

[Event "4NCL/Div1a/SAMS vs. RIC"]
[Site "Sunningdale ENG"]
[Date "2008.10.04"]
[Round "1.6"]
[White "Meyer, Gordon"]
[Black "Ruston, Mark R"]
[Result "0-1"]
[WhiteElo "2161"]
[BlackElo "2085"]
[PlyCount "66"]
[EventDate "2008.10.04"]
[SourceDate "2008.10.04"]

1. e4 e6 2. d4 d5 3. Nc3 Nf6 4. e5 Nfd7 5. f4 c5 6. Nf3 Nc6 7. Ne2 Be7 8. c3
O-O 9. Be3 c4 10. b3 b5 11. g3 b4 12. bxc4 dxc4 13. d5 exd5 14. Bg2 Nc5 15. O-O
Nd3 16. Nfd4 Bc5 17. cxb4 Ncxb4 18. Qd2 Bg4 19. Nc3 Rb8 20. h3 Bd7 21. Rfb1
Bxd4 22. Bxd4 Nc6 23. Qe3 Ndb4 24. Rc1 Bf5 25. g4 Nc2 26. Qf2 N6xd4 27. gxf5
Qb6 28. Kh1 Nxa1 29. Nxd5 Qb2 30. Qxb2 Rxb2 31. Rxa1 Nxf5 32. Rc1 Rc8 33. Kg1
Kf8 {I cannot decipher the rest of the scoresheets.} 0-1

[Event "4NCL/Div1a/SAMS vs. RIC"]
[Site "Sunningdale ENG"]
[Date "2008.10.04"]
[Round "1.7"]
[White "Varnam, Liam D"]
[Black "Mitchem, Nicholas D"]
[Result "0-1"]
[WhiteElo "2118"]
[BlackElo "1971"]
[PlyCount "60"]
[EventDate "2008.10.04"]
[SourceDate "2008.10.04"]

1. e4 c5 2. Nf3 d6 3. d4 cxd4 4. Nxd4 Nf6 5. Nc3 a6 6. Bc4 e6 7. Bb3 Be7 8. Be3
O-O 9. f3 Nbd7 10. Qd2 Nc5 11. O-O-O Nxb3+ 12. cxb3 Bd7 13. g4 Bc6 14. g5 Nd7
15. g6 hxg6 16. h4 Nf6 17. Bg5 Nh5 18. Rdg1 e5 19. Nde2 b5 20. Ng3 Nxg3 21.
Rxg3 b4 22. Ne2 f6 23. Be3 d5 24. Rhg1 dxe4 25. Rxg6 Qxd2+ 26. Bxd2 Rf7 27. f4
Bc5 28. R1g3 Bf2 29. Rh3 Rc7 30. Kd1 Rd8 0-1

[Event "4NCL/Div1a/SAMS vs. RIC"]
[Site "Sunningdale ENG"]
[Date "2008.10.04"]
[Round "1.8"]
[White "Sirisena, Chantal N"]
[Black "Makepeace, Philip J"]
[Result "1/2-1/2"]
[WhiteElo "1935"]
[BlackElo "2027"]
[PlyCount "42"]
[EventDate "2008.10.04"]
[SourceDate "2008.10.04"]

1. e4 c6 2. c4 d6 3. d4 f5 4. Nc3 Nf6 5. Bd3 fxe4 6. Nxe4 e5 7. Ne2 Be7 8. Qc2
Nbd7 9. O-O Nxe4 10. Bxe4 Nf6 11. Bg5 Nxe4 12. Bxe7 Qxe7 13. Qxe4 O-O 14. dxe5
dxe5 15. Rae1 Bf5 16. Qe3 Qf6 17. Ng3 Bg6 18. Ne4 Bxe4 19. Qxe4 Rae8 20. Re3
Qf4 21. b3 a6 1/2-1/2

[Event "4NCL/Div1a/WGHK1 vs. CAMB1"]
[Site "Sunningdale ENG"]
[Date "2008.10.04"]
[Round "1.1"]
[White "Gordon, Stephen J"]
[Black "Dearing, Eddie"]
[Result "1-0"]
[WhiteElo "2521"]
[BlackElo "2393"]
[PlyCount "69"]
[EventDate "2008.10.04"]
[SourceDate "2008.10.04"]

1. d4 d5 2. c4 c6 3. Nf3 Nf6 4. Nc3 e6 5. Bg5 h6 6. Bh4 dxc4 7. e4 g5 8. Bg3 b5
9. Be2 Bb7 10. h4 g4 11. Ne5 h5 12. O-O Nbd7 13. Qc2 Nxe5 14. Bxe5 Bg7 15. b3
cxb3 16. axb3 O-O 17. Rad1 Nd7 18. Bd6 Qxh4 19. g3 Qg5 20. Bxf8 Rxf8 21. b4 a5
22. bxa5 Ra8 23. e5 c5 24. Ne4 Bxe4 25. Qxe4 Rxa5 26. Qb7 Nf8 27. dxc5 Bxe5 28.
c6 Ra2 29. Qxb5 Rc2 30. Bd3 Rc3 31. Rfe1 f6 32. Re4 h4 33. Be2 Rf3 34. Bxf3
gxf3 35. Rxh4 1-0

[Event "4NCL/Div1a/WGHK1 vs. CAMB1"]
[Site "Sunningdale ENG"]
[Date "2008.10.04"]
[Round "1.2"]
[White "Mah, Karl C C"]
[Black "Trent, Lawrence"]
[Result "1/2-1/2"]
[WhiteElo "2408"]
[BlackElo "2470"]
[PlyCount "41"]
[EventDate "2008.10.04"]
[SourceDate "2008.10.04"]

1. g3 g6 2. Bg2 Bg7 3. d4 c5 4. d5 d6 5. e4 Nf6 6. Ne2 O-O 7. O-O b5 8. c3 a5
9. a4 bxa4 10. Qxa4 Nbd7 11. Na3 Ba6 12. Qc2 Qb6 13. Rb1 a4 14. Rd1 Rfb8 15.
Bf4 Ng4 16. Nc1 Nge5 17. Bf1 Bxf1 18. Kxf1 Qa6+ 19. Qe2 Qc8 20. Bxe5 Nxe5 21.
Kg2 1/2-1/2

[Event "4NCL/Div1a/WGHK1 vs. CAMB1"]
[Site "Sunningdale ENG"]
[Date "2008.10.04"]
[Round "1.4"]
[White "Alfred, Nathan"]
[Black "Arakhamia-Grant, Ketevan"]
[Result "0-1"]
[WhiteElo "2323"]
[BlackElo "2448"]
[PlyCount "112"]
[EventDate "2008.10.04"]
[SourceDate "2008.10.04"]

1. d4 Nf6 2. Nf3 g6 3. c4 Bg7 4. Nc3 O-O 5. e4 d6 6. Be2 Nbd7 7. O-O e5 8. Qc2
Nh5 9. Rd1 Nf4 10. dxe5 Nxe2+ 11. Qxe2 dxe5 12. Be3 c6 13. Bc5 Re8 14. Bd6 Qf6
15. b4 Nf8 16. h3 g5 17. Nh2 Ng6 18. Ng4 Qe6 19. c5 Nf4 20. Qc2 Qg6 21. Ne2 f5
22. Ne3 fxe4 23. Ng3 Be6 24. Rd2 Nd5 25. Rb1 Nxe3 26. fxe3 g4 27. Qxe4 Qxe4 28.
Nxe4 Bf5 29. Nc3 Bxb1 30. Nxb1 a5 31. b5 e4 32. Na3 Bh6 33. Kf2 gxh3 34. gxh3
Re6 35. bxc6 bxc6 36. Nc4 Bg7 37. Rd1 Rf6+ 38. Ke2 Rg6 39. Kf2 Rf6+ 40. Ke2 Rg6
41. Kf2 Ra7 42. Bf4 Bf6 43. Nd6 Bh4+ 44. Kf1 Rag7 45. Nxe4 Rg1+ 46. Ke2 R7g2+
47. Kf3 Rxd1 48. Kxg2 Ra1 49. Kf3 Rxa2 50. Kg4 Be7 51. Kf5 Kf7 52. Nd6+ Bxd6
53. cxd6 a4 54. e4 Rf2 55. e5 Rxf4+ 56. Kxf4 Ke6 0-1

[Event "4NCL/Div1a/WGHK1 vs. CAMB1"]
[Site "Sunningdale ENG"]
[Date "2008.10.04"]
[Round "1.5"]
[White "Hanley, Craig A"]
[Black "Moskovic, David M"]
[Result "1-0"]
[WhiteElo "2431"]
[BlackElo "2307"]
[PlyCount "83"]
[EventDate "2008.10.04"]
[SourceDate "2008.10.04"]

1. e4 c5 2. Nf3 d6 3. d4 cxd4 4. Nxd4 Nf6 5. Nc3 a6 6. Be2 e5 7. Nb3 Be7 8. O-O
O-O 9. Re1 Be6 10. Bf1 Nbd7 11. Nd5 Nxd5 12. exd5 Bf5 13. a4 Rc8 14. c3 Bg5 15.
Nd2 Nf6 16. Nc4 Bxc1 17. Rxc1 Re8 18. b4 Rc7 19. Ne3 Bg6 20. c4 a5 21. c5 axb4
22. Bb5 Rf8 23. c6 bxc6 24. dxc6 d5 25. Qd2 d4 26. Nc4 Ne4 27. Qxb4 Qh4 28. f3
Qf2+ 29. Kh1 Nc3 30. Nxe5 Rcc8 31. Rf1 Qe3 32. Rce1 Qf4 33. g3 Qd2 34. Rd1 Qg5
35. Rxd4 Nxb5 36. Qxb5 Rfe8 37. f4 Qf5 38. Qc4 Kh8 39. c7 f6 40. g4 Qe6 41.
Nxg6+ hxg6 42. Qxe6 1-0

[Event "4NCL/Div1a/WGHK1 vs. CAMB1"]
[Site "Sunningdale ENG"]
[Date "2008.10.04"]
[Round "1.6"]
[White "Quist, Sven Roy"]
[Black "Martin, Andrew D"]
[Result "1/2-1/2"]
[WhiteElo "2137"]
[BlackElo "2425"]
[PlyCount "34"]
[EventDate "2008.10.04"]
[SourceDate "2008.10.04"]

1. c4 g6 2. Nc3 Bg7 3. d4 c5 4. e3 Nf6 5. Nf3 O-O 6. Be2 d5 7. O-O cxd4 8. exd4
Nc6 9. b3 Ne4 10. Bb2 Nxc3 11. Bxc3 dxc4 12. bxc4 Bg4 13. Rc1 Bxf3 14. Bxf3
Nxd4 15. Bxb7 Rb8 16. Bd5 Nf5 17. Bxg7 Nxg7 1/2-1/2

[Event "4NCL/Div1a/WGHK1 vs. CAMB1"]
[Site "Sunningdale ENG"]
[Date "2008.10.04"]
[Round "1.7"]
[White "Rechel, Bernd"]
[Black "Churm, Rohan M"]
[Result "1-0"]
[WhiteElo "2422"]
[BlackElo "2207"]
[PlyCount "65"]
[EventDate "2008.10.04"]
[SourceDate "2008.10.04"]

1. e4 e6 2. d4 d5 3. exd5 exd5 4. Nf3 Nf6 5. c4 Be7 6. Nc3 O-O 7. Bd3 Nbd7 8.
c5 Re8 9. O-O Nf8 10. h3 Be6 11. Ne5 N6d7 12. c6 Nxe5 13. cxb7 Rb8 14. dxe5 d4
15. Nb5 Rxb7 16. Nxd4 Bc5 17. Nxe6 Nxe6 18. Qc2 g6 19. Kh1 Qd4 20. f4 Ba3 21.
Rb1 Reb8 22. f5 Nc5 23. Rf3 Nxd3 24. Rxd3 Qxe5 25. Rxa3 Qe1+ 26. Kh2 Qe5+ 27.
g3 gxf5 28. Re3 Qd5 29. b3 Rd8 30. Rc3 Rb6 31. Bg5 f6 32. Be3 Re6 33. Rf1 1-0

[Event "4NCL/Div1a/WGHK1 vs. CAMB1"]
[Site "Sunningdale ENG"]
[Date "2008.10.04"]
[Round "1.8"]
[White "Kourtseva, Julie"]
[Black "McDonald, Neil"]
[Result "0-1"]
[WhiteElo "1815"]
[BlackElo "2398"]
[PlyCount "46"]
[EventDate "2008.10.04"]
[SourceDate "2008.10.04"]

1. c4 c6 2. Nf3 d5 3. cxd5 cxd5 4. d4 Nc6 5. e3 Nf6 6. Bd3 Bg4 7. O-O e6 8. b3
Qc7 9. Ba3 Bxa3 10. Nxa3 O-O 11. Nb1 Nb4 12. a3 Nxd3 13. Qxd3 Rac8 14. Nbd2 Bf5
15. Qe2 Qc2 16. Qd1 Qb2 17. Ne1 Rc3 18. f3 Rxe3 19. Rf2 Qxd4 20. Rc1 Rc3 21.
Rxc3 Qxc3 22. Nb1 Qa1 23. Nc2 Qb2 0-1

[Event "4NCL/Div1a/SWD1 vs. BAR1"]
[Site "Sunningdale ENG"]
[Date "2008.10.04"]
[Round "1.1"]
[White "Cobb, James E"]
[Black "Parker, Jonathan"]
[Result "1/2-1/2"]
[WhiteElo "2451"]
[BlackElo "2538"]
[PlyCount "39"]
[EventDate "2008.10.04"]
[SourceDate "2008.10.04"]

1. d4 Nf6 2. Nf3 e6 3. g3 d5 4. Bg2 b5 5. O-O Be7 6. c3 O-O 7. Bg5 Nbd7 8. Nbd2
c5 9. Ne5 Bb7 10. Nxd7 Nxd7 11. Bxe7 Qxe7 12. Qb3 Bc6 13. e4 dxe4 14. Bxe4 Bxe4
15. Nxe4 cxd4 16. cxd4 Nf6 17. Nxf6+ Qxf6 18. Rad1 a6 19. d5 exd5 20. Rxd5
1/2-1/2

[Event "4NCL/Div1a/SWD1 vs. BAR1"]
[Site "Sunningdale ENG"]
[Date "2008.10.04"]
[Round "1.2"]
[White "Turner, Matthew J"]
[Black "Cooper, John G"]
[Result "1-0"]
[WhiteElo "2505"]
[BlackElo "2362"]
[PlyCount "65"]
[EventDate "2008.10.04"]
[SourceDate "2008.10.04"]

1. c4 e6 2. Nf3 d5 3. g3 Nf6 4. Bg2 Be7 5. O-O c5 6. b3 Nc6 7. e3 e5 8. cxd5
Qxd5 9. d4 e4 10. Nc3 Qh5 11. Ne5 Ng4 12. h3 Ncxe5 13. dxe5 Qxe5 14. Bb2 Nf6
15. Qc2 Bf5 16. Nb5 Qb8 17. Bxf6 gxf6 18. Rad1 Kf8 19. g4 Bg6 20. Rd7 Qe5 21.
Rfd1 a6 22. R7d5 Qb8 23. Nd6 Bxd6 24. Rxd6 Qe8 25. Qxc5 Kg7 26. g5 fxg5 27.
Qxg5 h6 28. Qf6+ Kh7 29. h4 Rc8 30. h5 Bxh5 31. Qxh6+ Kg8 32. Qg5+ Kf8 33. Rh6
1-0

[Event "4NCL/Div1a/SWD1 vs. BAR1"]
[Site "Sunningdale ENG"]
[Date "2008.10.04"]
[Round "1.3"]
[White "Rees, Ioan"]
[Black "D'Costa, Lorin A R"]
[Result "1/2-1/2"]
[WhiteElo "2297"]
[BlackElo "2411"]
[PlyCount "64"]
[EventDate "2008.10.04"]
[SourceDate "2008.10.04"]

1. e4 c5 2. Nf3 e6 3. d4 cxd4 4. Nxd4 a6 5. Bd3 Bc5 6. Nb3 Be7 7. O-O d6 8. c4
Nf6 9. Nc3 O-O 10. Be3 b6 11. Qe2 Bb7 12. f4 Nbd7 13. g4 Nc5 14. Nxc5 bxc5 15.
Rad1 Nd7 16. e5 d5 17. cxd5 exd5 18. Nxd5 Bxd5 19. Bxh7+ Kxh7 20. Rxd5 Ra7 21.
Rfd1 Kg8 22. Qd2 Qa8 23. Rxd7 Rxd7 24. Qxd7 Qf3 25. Re1 Bh4 26. Qd1 Qh3 27. Bf2
Bxf2+ 28. Kxf2 Qxh2+ 29. Kf3 Qh3+ 30. Kf2 Qh2+ 31. Kf3 Qh3+ 32. Kf2 Qh2+
1/2-1/2